000 00270nam a2200109Ia 4500
005 20251222114340.0
008 251222s1900||||xx |||||||||||||| ||spa||
082 _aDVD0070/B82/1966
245 0 _aAu Hasard Balthazar.(Al Azar Balthazar)
264 _bBodard, Mag
942 _cDVD
999 _c805
_d805